Дело о прекращении пенсии бывшей актрисе московских театров Иениш

Доступно только в Электронных читальных залах Найти на картеНа карте
RUSMARC
00004087nmc2a22000003x 450
001bc04cb8b-ad0c-4bda-a168-2f0ddc79b9f7
00520181226133122.0
100##$a20170629l18471847k l0rusy0189 ca
1010#$arus
102##$aRU
2001#$aДело о прекращении пенсии бывшей актрисе московских театров Иениш
$j2-5 июля 1847 г.
251##$cДело
300##$aПо Московской дирекции за 1847 год
300##$aОриг. заголовок дела: Дело по отношению графа Нессельроде о пенсии, назначенной бывшей актрисе московских театров Элизе Эништ. 2 июля 1847 г. - 5 июля 1847 г
801#0$aRU
$bРГИА
$c20170629
$gRCR
801#1$aRU
$bГлавНИВЦ
$c20170629
$2rusmarc
801#2$aRU
$bПБ им. Б.Н. Ельцина
$c20181226
$gRCR
$2rusmarc
850##$aРГИА
852##$aРГИА
$eФедеральное казенное учреждение "Российский государственный исторический архив" (РГИА)
$j11522
937##$hРГИА
$d12247577
$aASBIBLIO_SCAN
462#0$1001dd3991dc-24e1-42ec-8838-ca4255420416
$12001
$aДирекция императорских театров (1746-1850 гг.)
$1251
$cОпись
$1852
$j1
461#0$10019264ebf8-de62-4f1a-9eb4-9f22098dbbd5
$12001
$aДирекция императорских театров Министерства императорского двора
$1251
$cФонд
$1852
$j497
215##$a7 л.
$d36,5х26 см
371##$aДокумент не является опубликованным и широко распространяемым
105##$ay###
1222#$ad
5171#$aДело по отношению графа Нессельроде о пенсии, назначенной бывшей актрисе московских театров Элизе Эништ. 2 июля 1847 г. - 5 июля 1847 г
035##$abc04cb8b-ad0c-4bda-a168-2f0ddc79b9f7
856##$uhttp://readingroom.main.prlib.ru/item.aspx?id_node=n122436524&mode=full
Формат отображения